000 00539nam a22001697a 4500
005 20251108172359.0
008 250721s1984 xx 000 0 ara d
082 1 4 _a301.072/مجد
100 1 _aحميده، مجدي أحمد
245 1 0 _aفي البحث الإجتماعي :
_bمداخل و مجالات حديثة /
264 1 _aالقاهرة :
_bمكتبة نهضة الشرق،
_c1984.
300 _a87ص
650 1 7 _aعلم الإجتماع
650 1 7 _aالبحث الإجتماعي
942 _2ddc
_cBK
999 _c77778
_d77778